[Event "Bahn-chG"]
[Site "Bad Wildungen"]
[Date "2000.09.29"]
[Round "6"]
[White "De Kluijver, Arie"]
[Black "Heller, Helmut"]
[Result "1/2-1/2"]
[WhiteElo "1514"]
[BlackElo "1526"]
[PlyCount "93"]
[EventDate "2000.09.24"]
[EventType "swiss"]
[EventRounds "7"]
[EventCountry "GER"]
[SourceTitle "EXT 2003"]
[Source "ChessBase"]
[SourceDate "2002.11.25"]
[SourceVersion "1"]
[SourceVersionDate "2002.11.25"]
[SourceQuality "1"]

1. e4 c5 2. Nf3 Nc6 3. d4 cxd4 4. Nxd4 Nf6 5. Nc3 e6 6. a3 a6 7. Be3 Qc7 8. Be2 Be7 9. Qd2 b5 10. 0-0 b4 11. axb4 Bxb4 12. f3 Bb7 13. Nxc6 Qxc6 14. Bd4 Bc5 15. Bxc5 Qxc5+ 16. Kh1 0-0 17. Na4 Qc6 18. Rfd1 Rfd8 19. c3 d5 20. e5 Ne8 21. Qd4 Rab8 22. Nc5 Ra8 23. Bd3 g6 24. Ra4 Nc7 25. Rda1 Rdb8 26. h4 Bc8 27. b4 Nb5 28. Bxb5 axb5 29. Ra5 Rxa5 30. Rxa5 Ra8 31. Nb3 Rxa5 32. Nxa5 Qc7 33. Kg1 Kg7 34. Kf2 Qe7 35. g3 Qc7 36. f4 h6 37. Kf3 Bd7 38. Nb3 Qc4 39. Qxc4 bxc4 40. Nd4 f6 41. b5 fxe5 42. fxe5 Kf7 43. b6 Bc8 44. Kg4 Ke7 45. Nb5 Kd7 46. Nd6 Ba6 47. Kf4 1/2-1/2

[Event "Gemuend op"]
[Site "Gemuend"]
[Date "1999.10.24"]
[Round "1"]
[White "Koester, Hans Juergen"]
[Black "De Kluijver, Arie"]
[Result "1-0"]
[WhiteElo "1841"]
[BlackElo "1515"]
[PlyCount "85"]
[EventDate "1999.10.24"]
[EventType "swiss"]
[EventRounds "7"]
[EventCountry "GER"]
[SourceTitle "EXT 2003"]
[Source "ChessBase"]
[SourceDate "2002.11.25"]
[SourceVersion "1"]
[SourceVersionDate "2002.11.25"]
[SourceQuality "1"]

1. e4 c5 2. f4 Nc6 3. Nf3 d6 4. Bc4 Bg4 5. Bxf7+ Kd7 6. Bd5 Bxf3 7. Bxc6+ bxc6 8. Qxf3 e6 9. c4 Ne7 10. Nc3 g6 11. Na4 Bg7 12. Rb1 Qa5 13. b3 Rhf8 14. Bb2 Bxb2 15. Rxb2 Rf7 16. 0-0 Raf8 17. Qe3 e5 18. g3 exf4 19. Rxf4 Rxf4 20. gxf4 Re8 21. Qh3+ Kd8 22. Qg3 Qc7 23. d3 Qa5 24. f5 gxf5 25. Qxd6+ Kc8 26. Re2 Rd8 27. Qxe7 Rxd3 28. Qxc5 Rd1+ 29. Kf2 Qc7 30. Qf8+ Rd8 31. Qxf5+ Kb8 32. Qh3 Rf8+ 33. Ke1 Qa5+ 34. Qc3 Qd8 35. Nc5 Ka8 36. Qg7 Qh4+ 37. Kd2 Qf4+ 38. Kc2 Rf7 39. Qh8+ Rf8 40. Qxh7 Rf7 41. Qh3 Rc7 42. Rd2 Rh7 43. Qxh7 1-0

[Event "Bahn-chG"]
[Site "Baiersbronn"]
[Date "1998.10.27"]
[Round "4"]
[White "Vogel, Georg"]
[Black "De Kluijver, Arie"]
[Result "1-0"]
[WhiteElo "1765"]
[BlackElo "1489"]
[PlyCount "153"]
[EventDate "1998.10.25"]
[EventType "swiss"]
[EventRounds "7"]
[EventCountry "GER"]
[SourceTitle "EXT 2001"]
[Source "ChessBase"]
[SourceDate "2000.11.22"]
[SourceVersion "1"]
[SourceVersionDate "2000.11.22"]
[SourceQuality "1"]

1. e4 c5 2. Nf3 d6 3. d4 cxd4 4. Nxd4 Nf6 5. Nc3 g6 6. Be3 Bg7 7. f3 Qb6 8. Qd2 Qd8 9. 0-0-0 Nc6 10. h4 h5 11. Be2 a6 12. Kb1 Bd7 13. Rhg1 Qc7 14. Nd5 Nxd5 15. exd5 Nxd4 16. Bxd4 Bxd4 17. Qxd4 0-0-0 18. Rd3 Kb8 19. Rc3 Qa5 20. Ra3 Qc5 21. Rd1 Rc8 22. Qxc5 Rxc5 23. b4 Rc7 24. c4 Rhc8 25. g4 hxg4 26. fxg4 f5 27. g5 Rh8 28. Rd4 Bc8 29. Re3 b6 30. Kb2 Kb7 31. Kb3 Rh7 32. Rf4 Rg7 33. a4 Bd7 34. Bf3 Ka7 35. Be2 a5 36. b5 Kb7 37. Kc3 Kc8 38. Kd4 Kd8 39. Bd3 Bc8 40. Re1 Rc5 41. Re3 Ke8 42. Kc3 Rc7 43. Kd2 Rc5 44. Ke2 Kd8 45. Kf3 Rc7 46. Rd4 Ke8 47. Kf4 Kf8 48. Be2 Kg8 49. Rd1 Kf7 50. Rh3 Rh7 51. Rd4 Kg7 52. h5 Kg8 53. Rh4 Kg7 54. Kg3 Rh8 55. hxg6 Rxh4 56. Kxh4 Kxg6 57. Bh5+ Kg7 58. Be8 e5 59. dxe6 Bxe6 60. Bc6 Kf7 61. Kh5 Kg7 62. g6 Rc8 63. Kg5 Rf8 64. Rxd6 Bxc4 65. Rd7+ Kg8 66. Rd4 Bb3 67. Bd7 f4 68. Bf5 f3 69. Rf4 f2 70. Rxf2 Bxa4 71. Be6+ Kg7 72. Rxf8 Kxf8 73. Kh6 Ke7 74. Bc4 Kd6 75. g7 Kc5 76. g8Q Bxb5 77. Qd5+ 1-0

[Event "Bahn-chG"]
[Site "Baiersbronn"]
[Date "1998.10.26"]
[Round "2"]
[White "Morgner, Siegfried"]
[Black "De Kluijver, Arie"]
[Result "0-1"]
[WhiteElo "1706"]
[BlackElo "1489"]
[PlyCount "66"]
[EventDate "1998.10.25"]
[EventType "swiss"]
[EventRounds "7"]
[EventCountry "GER"]
[SourceTitle "EXT 2001"]
[Source "ChessBase"]
[SourceDate "2000.11.22"]
[SourceVersion "1"]
[SourceVersionDate "2000.11.22"]
[SourceQuality "1"]

1. Nf3 Nf6 2. d4 d5 3. c4 e6 4. Nc3 c6 5. e3 Nbd7 6. Bd3 Bd6 7. 0-0 0-0 8. e4 dxe4 9. Nxe4 Nxe4 10. Bxe4 Nf6 11. Bc2 Qc7 12. Qd3 g6 13. Bh6 Re8 14. h3 b6 15. Rfe1 Bb7 16. Ba4 Nd7 17. Rad1 Rad8 18. Ng5 Bf4 19. Qf3 c5 20. d5 exd5 21. Rxe8+ Rxe8 22. Bxd7 dxc4 23. Qc3 Be5 24. Qxc4 Re7 25. Bg4 Bd4 26. Bf3 Qg3 27. Bxb7 Qxf2+ 28. Kh1 Re1+ 29. Rxe1 Qxe1+ 30. Kh2 Qg1+ 31. Kg3 Qf2+ 32. Kg4 Qf5+ 33. Kh4 Qf4+ 0-1